Guess the Premier League Footballers- 2025/2026 Season - Statistics

General Stats
  • This quiz has been taken 60 times
  • The average score is 11 of 16
Answer Stats
Picture Answer % Correct
Granit Xhaka
91%
Matheus Nunes
87%
Riccardo Calafiori
87%
Guglielmo Vicario
81%
Iliman Ndiaye
77%
Ayden Heaven
75%
Jacob Murphy
75%
Neco Williams
72%
Chris Richards
68%
Ian Maatsen
68%
Joao Gomes
68%
Adrien Truffert
57%
Anton Stach
57%
Max Kilman
57%
Jaidon Anthony
53%
Nathan Collins
49%
No matching quizzes found
Score Distribution
Percent of People with Each Score
Percentile by Number Answered
Your Score History
You have not taken this quiz